<?xml version="1.0" encoding="UTF-8"?>
<record
    xmlns:xsi="http://www.w3.org/2001/XMLSchema-instance"
    xsi:schemaLocation="http://www.loc.gov/MARC21/slim http://www.loc.gov/standards/marcxml/schema/MARC21slim.xsd"
    xmlns="http://www.loc.gov/MARC21/slim">

  <leader>00885nam a22001937a 4500</leader>
  <controlfield tag="005">20240530110519.0</controlfield>
  <controlfield tag="008">160210s2011    ua ab  g      000 0 ara d</controlfield>
  <datafield tag="017" ind1=" " ind2=" ">
    <subfield code="a">2011/15601</subfield>
    <subfield code="b">&#x645;&#x635;&#x631; . &#x62F;&#x627;&#x631; &#x627;&#x644;&#x643;&#x62A;&#x628; &#x627;&#x644;&#x645;&#x635;&#x631;&#x64A;&#x629;</subfield>
  </datafield>
  <datafield tag="040" ind1=" " ind2=" ">
    <subfield code="a">EG-CaGPL</subfield>
  </datafield>
  <datafield tag="082" ind1="0" ind2="4">
    <subfield code="2">21</subfield>
    <subfield code="a">956.015\</subfield>
    <subfield code="b">&#x645; &#x625;</subfield>
  </datafield>
  <datafield tag="100" ind1="0" ind2=" ">
    <subfield code="a">&#x645;&#x62D;&#x645;&#x62F; &#x627;&#x62D;&#x645;&#x62F; &#x627;&#x644;&#x639;&#x637;&#x627;&#x631; .</subfield>
  </datafield>
  <datafield tag="245" ind1="1" ind2="2">
    <subfield code="a">&#x627;&#x644;&#x627;&#x645;&#x628;&#x631;&#x627;&#x637;&#x648;&#x631;&#x64A;&#x629; &#x627;&#x644;&#x639;&#x62B;&#x645;&#x627;&#x646;&#x64A;&#x629; &#x648; &#x62A;&#x631;&#x643;&#x64A;&#x627; &#x627;&#x644;&#x62D;&#x62F;&#x64A;&#x62B;&#x629; : </subfield>
    <subfield code="b">&#x627;&#x644;&#x62A;&#x627;&#x631;&#x64A;&#x62E; &#x645;&#x631;&#x622;&#x629; &#x627;&#x644;&#x627;&#x645;&#x645; &#x64A;&#x639;&#x643;&#x633; &#x645;&#x627;&#x636;&#x64A;&#x647;&#x627; &#x648; &#x64A;&#x62A;&#x631;&#x62C;&#x645; &#x62D;&#x627;&#x636;&#x631;&#x647;&#x627; &#x648; &#x646;&#x633;&#x62A;&#x644;&#x647;&#x645; &#x645;&#x646;&#x647; &#x645;&#x633;&#x62A;&#x642;&#x628;&#x644;&#x647;&#x627; /</subfield>
    <subfield code="c">&#x645;&#x62D;&#x645;&#x62F; &#x627;&#x62D;&#x645;&#x62F; &#x627;&#x644;&#x639;&#x637;&#x627;&#x631; .</subfield>
  </datafield>
  <datafield tag="300" ind1=" " ind2=" ">
    <subfield code="a">158 &#x635; &#x61B; </subfield>
    <subfield code="c">20 &#x633;&#x645; .</subfield>
  </datafield>
  <datafield tag="651" ind1="0" ind2="4">
    <subfield code="a">&#x627;&#x644;&#x627;&#x645;&#x628;&#x631;&#x627;&#x637;&#x648;&#x631;&#x64A;&#x629; &#x627;&#x644;&#x639;&#x62B;&#x645;&#x627;&#x646;&#x64A;&#x629; .</subfield>
  </datafield>
  <datafield tag="651" ind1="0" ind2="4">
    <subfield code="a">&#x627;&#x644;&#x627;&#x645;&#x628;&#x631;&#x627;&#x637;&#x648;&#x631;&#x64A;&#x629; &#x627;&#x644;&#x639;&#x62B;&#x645;&#x627;&#x646;&#x64A;&#x629;</subfield>
    <subfield code="v">&#x635;&#x648;&#x631; . </subfield>
  </datafield>
  <datafield tag="651" ind1="0" ind2="4">
    <subfield code="a">&#x62A;&#x631;&#x643;&#x64A;&#x627;</subfield>
    <subfield code="x">&#x62A;&#x627;&#x631;&#x64A;&#x62E;</subfield>
    <subfield code="y">&#x627;&#x644;&#x639;&#x635;&#x631; &#x627;&#x644;&#x62D;&#x62F;&#x64A;&#x62B; .</subfield>
  </datafield>
  <datafield tag="942" ind1=" " ind2=" ">
    <subfield code="2">ddc</subfield>
    <subfield code="c">BK</subfield>
  </datafield>
  <datafield tag="999" ind1=" " ind2=" ">
    <subfield code="c">61841</subfield>
    <subfield code="d">61841</subfield>
  </datafield>
  <datafield tag="952" ind1=" " ind2=" ">
    <subfield code="0">0</subfield>
    <subfield code="1">0</subfield>
    <subfield code="4">0</subfield>
    <subfield code="7">0</subfield>
    <subfield code="a">CAI</subfield>
    <subfield code="b">CAI</subfield>
    <subfield code="d">2016-02-10</subfield>
    <subfield code="l">0</subfield>
    <subfield code="o">956.015\ &#x645; &#x625;</subfield>
    <subfield code="p">161271</subfield>
    <subfield code="r">2016-02-10 00:00:00</subfield>
    <subfield code="w">2016-02-10</subfield>
    <subfield code="y">BK</subfield>
  </datafield>
</record>
